| 000 | 01061cam a22002054a 4500 | ||
|---|---|---|---|
| 005 | 20250605163952.0 | ||
| 008 | 250528s ||||||||||||||||||||||||d | ||
| 035 | _a15414 | ||
| 020 | _a131844822 | ||
| 040 |
_aGR-AtMCL _bgre _dGR-AtMCL _eAACR2 |
||
| 245 | 1 | _aMarketing Management and Information Technology / Second Edition | |
| 250 | _a2nd | ||
| 260 |
_bPrentice Hall, _c1995 |
||
| 300 | _a406 | ||
| 520 | _aThis book gives a critical insight into the major marketing concepts and techniques and shows how information technology has the potential to change the marketing manager's job. Overview of Marketing and the Impact of IT, IT and Marketing, What is Marketing, The Changing Marketing System and Environment, Marketing Information for decisions, IT and Marketing Strategy, IT and Marketing Management, Planning for Innovation, New Product Decisions, Product Policy Decisions, Communication Decisions, Sales Decisions, Place Decisions, IT and the Future. | ||
| 700 | 1 |
_aFletcher Keith _91337 |
|
| 942 | _cBK | ||
| 999 |
_c996 _d996 |
||